Rund um den Weinberg; (Record no. 5838)
[ view plain ]
| 000 -LEADER | |
|---|---|
| fixed length control field | 00789cam a22002291 4500 |
| 001 - CONTROL NUMBER | |
| control field | af 48003928 |
| 003 - CONTROL NUMBER IDENTIFIER | |
| control field | DLC |
| 005 - DATE AND TIME OF LATEST TRANSACTION | |
| control field | 20260227110905.0 |
| 008 - FIXED-LENGTH DATA ELEMENTS--GENERAL INFORMATION | |
| fixed length control field | 840416s1947 gw ac b 000 1 ger c |
| 010 ## - LIBRARY OF CONGRESS CONTROL NUMBER | |
| LC control number | af 48003928 |
| 035 ## - SYSTEM CONTROL NUMBER | |
| System control number | (OCoLC)10631228 |
| 040 ## - CATALOGING SOURCE | |
| Original cataloging agency | Yale Univ. Library |
| Transcribing agency | NhD |
| Modifying agency | DLC |
| 042 ## - AUTHENTICATION CODE | |
| Authentication code | premarc |
| 050 00 - LIBRARY OF CONGRESS CALL NUMBER | |
| Classification number | PT2638.W269 |
| Item number | R8 |
| 100 1# - MAIN ENTRY--PERSONAL NAME | |
| Personal name | Schwarz, Georg, |
| Dates associated with a name | 1902- |
| 245 10 - TITLE STATEMENT | |
| Title | Rund um den Weinberg; |
| Remainder of title | Erzählungen. |
| 260 ## - PUBLICATION, DISTRIBUTION, ETC. | |
| Place of publication, distribution, etc. | [Bad Wörishofen] |
| Name of publisher, distributor, etc. | Drei-Säulen-Verlag |
| Date of publication, distribution, etc. | [1947] |
| 300 ## - PHYSICAL DESCRIPTION | |
| Extent | 78, [1] p. |
| Other physical details | illus., port. |
| Dimensions | 18 cm. |
| 440 #4 - SERIES STATEMENT/ADDED ENTRY--TITLE | |
| Title | Das Kleine Säulenbuch, |
| Volume/sequential designation | Bd. 3 |
| 504 ## - BIBLIOGRAPHY, ETC. NOTE | |
| Bibliography, etc. note | "Bibliographie": p. [79] |
| 505 0# - FORMATTED CONTENTS NOTE | |
| Formatted contents note | Der Hund des Doktor Faust.--Das feuerflammende Haupt.--Das Wasserkonzert.--Eine Pfingstpredigt.--Frucht von meinem Traum; ein Selbstporträt. |
No items available.